Vyrovnanie rozdielov je otázka času

Výber zo správy o sumarizácii a riešení dlhov voči obciam v oblasti regionálneho školstva. Podáva náčrt skutočného stavu a nárokov samosprávy na odstránenie nedostatkov v delimitačných protokoloch a riešenia dlhov za uplynulé trojročné obdobie. Vysporiadanie majetku. Umelecké školy. Peniaze na oddl...

Descrizione completa

Salvato in:
Dettagli Bibliografici
Natura: Capitolo di libro
Lingua:slovacco
Soggetti:
Tags: Aggiungi Tag
Nessun Tag, puoi essere il primo ad aggiungerne!!

MARC

LEADER 00000naa$a2200000$$$4500
001 0028413
005 20231016084040.8
041 0 |a slo 
044 |a SK 
245 1 0 |a Vyrovnanie rozdielov je otázka času 
520 |a Výber zo správy o sumarizácii a riešení dlhov voči obciam v oblasti regionálneho školstva. Podáva náčrt skutočného stavu a nárokov samosprávy na odstránenie nedostatkov v delimitačných protokoloch a riešenia dlhov za uplynulé trojročné obdobie. Vysporiadanie majetku. Umelecké školy. Peniaze na oddlženie. Čiastočné uspokojenie nárokov. 
610 2 0 |a školstvo 
610 2 0 |a regióny 
610 2 0 |a obce 
610 2 0 |a majetok 
610 2 0 |a dlhy 
610 2 0 |a oddlženie 
610 2 0 |a financie